[Event "Uljanovsk op"]
[Site "Uljanovsk"]
[Date "2008.02.05"]
[Round "7"]
[White "Dmitriev, Igor"]
[Black "Borisov, Aleksandr"]
[Result "1-0"]
[WhiteElo "2401"]
[BlackElo "2168"]
[PlyCount "63"]
[EventDate "2008.02.01"]
[EventType "swiss"]
[EventRounds "9"]
[EventCountry "RUS"]
[SourceTitle "EXT 2009"]
[Source "ChessBase"]
[SourceDate "2008.11.26"]
[SourceVersion "1"]
[SourceVersionDate "2008.11.26"]
[SourceQuality "1"]

1. d4 c5 2. d5 e5 3. e4 d6 4. g3 g6 5. h4 Nf6 6. Nc3 Bg4 7. f3 Bc8 8. g4 Na6 9. h5 Nc7 10. a4 b6 11. Nge2 Ba6 12. Be3 Qe7 13. Qd2 0-0-0 14. b4 Kb8 15. b5 Bc8 16. Ng3 Ng8 17. hxg6 fxg6 18. a5 Bg7 19. axb6 axb6 20. Na4 Na8 21. g5 Rf8 22. Be2 Rf7 23. Nb2 Qf8 24. Nc4 Ra7 25. Rxa7 Kxa7 26. 0-0 Qe7 27. c3 h6 28. Ra1+ Kb8 29. Qa2 Bb7 30. Qa7+ Kc7 31. Ra6 Bf8 32. Na5 1-0

[Event "Uljanovsk-ch FL"]
[Site "Uljanovsk"]
[Date "2007.03.24"]
[Round "9"]
[White "Trushnikov, Viacheslav"]
[Black "Borisov, Aleksandr"]
[Result "1/2-1/2"]
[WhiteElo "2051"]
[BlackElo "2154"]
[PlyCount "32"]
[EventDate "2007.03.15"]
[EventType "tourn"]
[EventRounds "13"]
[EventCountry "RUS"]
[SourceTitle "EXT 2022"]
[Source "ChessBase"]
[SourceDate "2021.10.06"]
[SourceVersion "1"]
[SourceVersionDate "2021.10.06"]
[SourceQuality "1"]

1. Nf3 c5 2. b3 Nc6 3. Bb2 Nf6 4. e3 e6 5. d4 d5 6. dxc5 Bxc5 7. Be2 0-0 8. 0-0 Bd7 9. Nbd2 Qe7 10. Ne5 Nxe5 11. Bxe5 Rfd8 12. Nf3 Rac8 13. Bd3 Bd6 14. Bxd6 Qxd6 15. c4 Bc6 16. cxd5 Qxd5 1/2-1/2

[Event "Uljanovsk-ch sf"]
[Site "Uljanovsk"]
[Date "2007.02.17"]
[Round "8"]
[White "Borisov, Aleksandr"]
[Black "Trushnikov, Viacheslav"]
[Result "0-1"]
[WhiteElo "2154"]
[BlackElo "2051"]
[PlyCount "82"]
[EventDate "2007.02.10"]
[EventType "swiss"]
[EventRounds "9"]
[EventCountry "RUS"]
[SourceTitle "EXT 2019"]
[Source "ChessBase"]
[SourceDate "2018.10.10"]
[SourceVersion "1"]
[SourceVersionDate "2018.10.10"]
[SourceQuality "1"]

1. e4 c5 2. b3 d6 3. Bb2 Nf6 4. Bd3 g6 5. f4 Bg7 6. Nf3 0-0 7. Nc3 Nc6 8. 0-0 Ng4 9. h3 c4 10. hxg4 cxd3 11. Ne1 Bd4+ 12. Kh2 e5 13. Qf3 exf4 14. Nxd3 Ne5 15. Nxe5 Bxe5 16. Na4 Qh4+ 17. Kg1 Bxg4 18. Qf2 Qxf2+ 19. Rxf2 Bxb2 20. Nxb2 g5 21. a4 f5 22. exf5 Bxf5 23. d3 Be6 24. Re1 Bd5 25. c4 Bc6 26. d4 Rae8 27. Rfe2 Rxe2 28. Rxe2 Re8 29. Rxe8+ Bxe8 30. Nd1 Kf8 31. Nc3 Ke7 32. Nd5+ Kd8 33. Kf2 Bf7 34. Nf6 Bg6 35. a5 Bc2 36. b4 Bd3 37. g3 fxg3+ 38. Kxg3 Ke7 39. Nd5+ Ke6 40. Nc7+ Kd7 41. Nd5 Bxc4 0-1